How many Harrison Ford films can you name? - Statistics

General Stats
  • This quiz has been taken 179 times
  • The average score is 18 of 50
Answer Stats
Year Movie % Correct
1977 Star Wars
98%
1980 Star Wars V: The Empire Strikes Back
93%
1984 Indiana Jones and the Temple of Doom
90%
1981 Raiders of the Lost Ark
90%
1983 Star Wars VI: Return of the Jedi
89%
1989 Indiana Jones and the Last Crusade
86%
1982 Blade Runner
68%
1997 Air Force One
66%
2008 Indiana Jones and the Kingdom of the Crystal Skull
66%
1993 The Fugitive
65%
2015 Star Wars VII: The Force Awakens
64%
1985 Witness
63%
1994 Clear and Present Danger
56%
1973 American Graffiti
55%
1992 Patriot Games
48%
1979 Apocalypse Now
47%
2000 What Lies Beneath
46%
1991 Regarding Henry
42%
1986 The Mosquito Coast
42%
1988 Working Girl
42%
1988 Frantic
37%
1998 Six Days, Seven Nights
37%
2017 Blade Runner 2049
36%
2011 Cowboys & Aliens
34%
2013 Ender's Game
31%
1990 Presumed Innocent
31%
1995 Sabrina
26%
2002 K-19: The Widowmaker
25%
2006 Firewall
22%
2013 42
21%
2003 Hollywood Homicide
21%
1978 Force 10 from Navarone
20%
1997 The Devil's Own
20%
2014 The Expendables 3
16%
1979 Hanover Street
14%
2010 Morning Glory
14%
1999 Random Hearts
14%
2015 The Age of Adaline
12%
1974 The Conversation
11%
2009 Crossing Over
9%
2013 Paranoia
9%
2010 Extraordinary Measures
6%
1978 Star Wars Holiday Special
6%
1967 A Time for Killing
4%
1970 Getting Straight
4%
1968 Journey to Shiloh
4%
1979 The Frisco Kid
4%
1970 Zabriskie Point
3%
1975 Judgement: the Court Martial of Lt. William Calley
2%
2007 Dalai Lama Renaissance
1%
No matching quizzes found
Score Distribution
Percent of People with Each Score
Percentile by Number Answered
Your Score History
You have not taken this quiz